000 00429 a2200109 4500
001 ART_39669
005 20260410162012.0
008 260409a
245 1 0 _aAlgunos interrogantes éticos para repensar la evaluación de los propgramas y proyecciones sociales
100 1 _aMolina, María Gabriela
773 0 _tPropuestas para la sociedad, el gobierno y la producción
_g- Año 5, Nº 9 (nov. 2001)
_wREV39547
999 _c32297
_d32297